000
00306nam a2200121Ia 4500
008
191201s2007 xx 000 0 und d
100
_a
JAIN, RK
245
0
_a
Plant Maintenance Engineering and Management
250
_a
1st
260
_c
2007
_b
Khanna Publisher
_a
New Delhi
300
_a
348
942
_2
ddc
_c
BK
999
_c
8044
_d
8044